| 000 | 04158cam a22012974i 4500 | ||
|---|---|---|---|
| 003 | PE-LiUPU | ||
| 005 | 20250813185517.0 | ||
| 008 | 150625s r 000 0 d | ||
| 020 | _a8496169227 | ||
| 035 | _a(Sirsi) i9788496169227 | ||
| 035 | _a(Sirsi) i9788496169227 | ||
| 040 |
_aPE-LiUPU _bspa _cPE-LiUPU _erda |
||
| 049 | _aPRUA | ||
| 082 | 0 | 4 |
_a395.52 _bC89 _221 |
| 100 | 1 |
_aCuadrado Esclapez, Carmen, _eautor. |
|
| 245 | 1 | 0 |
_aMi jefe me sigue cediendo el paso : _bmanual de protocolo para la secretaria ejecutiva / _cCarmen Cuadrado Esclapez. |
| 264 | 1 |
_aMadrid : _bFundación Confemetal, _c2004. |
|
| 300 |
_a245 páginas : _bilustraciones, diágramas ; _c23 centímetros |
||
| 336 |
_atext _2rdacontent |
||
| 337 |
_aunmediated _2rdamedia |
||
| 338 |
_avolume _2rdacarrier |
||
| 504 | _aIncluye bibliografía. | ||
| 505 | 0 | _aEl Protocolo. -El protocolo en la empresa. -Un japonés a la mesa: relaciones comerciales con extranjeros. -Si, yo organizo los actos de mi empresa. -Protocolo y ceremonial de los actos públicos. -El restaurante como complemento del despacho. -Las reuniones de trabajo. -El protocolo al teléfono. -El regalo corporativo. -El viaje de negocios perfecto. -La redacción de una carta: cómo dirigirse a otras empresas. -Netiquette: protocolo en Internet. -Los códigos de apariencia en el ámbito laboral. | |
| 526 | _aP202 | ||
| 526 | _aP201 | ||
| 526 | _aP163 | ||
| 526 | _aP162 | ||
| 526 | _aP161 | ||
| 526 | _aP160 | ||
| 526 | _aP148 | ||
| 526 | _aP147 | ||
| 526 | _aP146 | ||
| 526 | _aP145 | ||
| 526 | _aP144 | ||
| 526 | _aP143 | ||
| 526 | _aP142 | ||
| 526 | _aP141 | ||
| 526 | _aP140 | ||
| 526 | _aP139 | ||
| 526 | _aP138 | ||
| 526 | _aP137 | ||
| 526 | _aP136 | ||
| 526 | _aP135 | ||
| 526 | _aP134 | ||
| 526 | _aP133 | ||
| 526 | _aP129 | ||
| 526 | _aP128 | ||
| 526 | _aP127 | ||
| 526 | _aP120 | ||
| 526 | _aP119 | ||
| 526 | _aP118 | ||
| 526 | _aP116 | ||
| 526 | _aP115 | ||
| 526 | _aP114 | ||
| 526 | _aP110 | ||
| 526 | _aP109 | ||
| 526 | _aP108 | ||
| 526 | _aP104 | ||
| 526 | _aP103 | ||
| 526 | _aP102 | ||
| 526 | _aP99 | ||
| 526 | _aP98 | ||
| 526 | _aP97 | ||
| 526 | _aP96 | ||
| 526 | _aP95 | ||
| 526 | _aP93 | ||
| 526 | _aP90 | ||
| 526 | _aP89 | ||
| 526 | _aP88 | ||
| 526 | _aP83 | ||
| 526 | _aP82 | ||
| 526 | _aP62 | ||
| 526 | _aP59 | ||
| 526 | _aP58 | ||
| 526 | _aP57 | ||
| 526 | _aP51 | ||
| 526 | _aP49 | ||
| 526 | _aP48 | ||
| 526 | _aP47 | ||
| 526 | _aP29 | ||
| 526 | _aP24 | ||
| 526 | _aP20 | ||
| 526 | _aP19 | ||
| 526 | _aP17 | ||
| 526 | _aP15 | ||
| 526 | _aP14 | ||
| 526 | _aP12 | ||
| 526 | _aP10 | ||
| 526 | _aP09 | ||
| 526 | _aP08 | ||
| 526 | _aP07 | ||
| 526 | _aP06 | ||
| 526 | _aP05 | ||
| 526 | _aP04 | ||
| 526 | _aP01 | ||
| 541 | _g015-0011205; | ||
| 541 | _g015-0011205; | ||
| 541 | _g0030-0001018; | ||
| 650 | 0 | 4 | _aEtiqueta social en empresas. |
| 650 | 0 | 4 |
_aRegionalismo _zPerú. |
| 650 | 0 | 4 | _aUsos y costumbres. |
| 942 |
_2ddc _cBOOK |
||
| 949 |
_a395.52 C89 _wDEWEY _c1 _i56274 _lCCODEBUL1 _mBUL _p24.00 _r0 _sY _tBOOK _u2015-6-25 _xFCE _zUNKNOWN _0COMPRA _o.STAFF. Colección General |
||
| 949 |
_a395.52 C89 _wDEWEY _c2 _i61221 _lCCODEBUL1 _mBUL _p35.00 _r0 _sY _tBOOK _u2015-6-25 _xFCE _zAGB _0COMPRA _o.STAFF. Colección General |
||
| 949 |
_a395.52 C89 _wDEWEY _c3 _i61222 _lCCODEBUL1 _mBUL _p35.00 _r0 _sY _tBOOK _u2015-6-25 _xFCE _zAGB _0COMPRA _o.STAFF. Colección General |
||
| 994 |
_aC0 _bPEPRU |
||
| 596 | _a1 | ||
| 999 |
_a395.52 C89 _wDEWEY _c45515 _i56274 _f2021-11-5 _g6 _lCCODEBUL1 _mBUL _p24.00 _r0 _sN _tBOOK _u2015-6-25 _xBIBLIOTECA _zUNKNOWN _0COMPRA _o.STAFF. Colección General _d45515 |
||
| 999 |
_a395.52 C89 _wDEWEY _c2 _i61221 _f2021-11-5 _g6 _lCCODEBUL1 _mBUL _p35.00 _r0 _sN _tBOOK _u2015-6-25 _xBIBLIOTECA _zAGB _0COMPRA _o.STAFF. Colección General |
||
| 999 |
_a395.52 C89 _wDEWEY _c3 _i61222 _lLOST _mBUL _p35.00 _r1 _sY _tBOOK _u2015-6-25 _xFCE _zAGB _0COMPRA _o.STAFF. Colección General |
||
| 980 |
_81 _gALBERTO SANCHEZ Responsable de Automatización |
||